[Event "3MCRV_F"]
[Site "?"]
[Date "2003.??.??"]
[Round "?"]
[White "Pecka, Josef"]
[Black "Lounek, Jan"]
[Result "0-1"]
[WhiteElo "2281"]
[BlackElo "2337"]
[PlyCount "114"]
[EventDate "2003.??.??"]
[EventType "corr"]

1. e4 c5 2. Nf3 d6 3. d4 cxd4 4. Nxd4 Nf6 5. Nc3 a6 6. Bg5 e6 7. f4 Qb6 8. Qd2
Qxb2 9. Nb3 Qa3 10. Bxf6 gxf6 11. Be2 Nc6 12. O-O Bd7 13. Bh5 Bg7 14. Rf3 Na5
15. f5 O-O 16. Rg3 Kh8 17. Be2 Nxb3 18. cxb3 Qc5+ 19. Kh1 Rg8 20. Rf1 Qe5 21.
Bh5 Bf8 22. Ne2 Rxg3 23. Nxg3 Kg8 24. Bf3 Rc8 25. Rd1 Rc5 26. Re1 Bc6 27. Bg4
Kh8 28. Qf2 Rc3 29. Bh3 Bh6 30. fxe6 fxe6 31. Qb6 Bf8 32. Qd8 Kg8 33. Rf1 Bb5
34. Rg1 d5 35. exd5 exd5 36. Bg4 Re3 37. Bf3 Bc6 38. Qc8 Re1 39. Be2 Rxg1+ 40.
Kxg1 h5 41. Kh1 Be8 42. Qf5 Bd6 43. a4 Kf8 44. Qh7 Qc3 45. Qh6+ Ke7 46. Qh7+
Bf7 47. Nf1 Qe1 48. Qc2 Qf2 49. Bd3 Qxc2 50. Bxc2 Be5 51. Bd1 Kd6 52. b4 Bc3
53. Ng3 Bxb4 54. Bxh5 Bxh5 55. Nxh5 Bc5 56. Nf4 b5 57. axb5 axb5 0-1

[Event "3MCRV_F"]
[Site "?"]
[Date "2003.??.??"]
[Round "?"]
[White "Bures, Jilji"]
[Black "Kuchtova, Ruzena"]
[Result "1-0"]
[WhiteElo "2295"]
[BlackElo "2214"]
[PlyCount "123"]
[EventDate "2003.??.??"]
[EventType "corr"]

1. e4 c5 2. Nf3 Nc6 3. d4 cxd4 4. Nxd4 Nf6 5. Nc3 e5 6. Ndb5 d6 7. Bg5 a6 8.
Na3 b5 9. Bxf6 gxf6 10. Nd5 f5 11. exf5 Bxf5 12. c3 Bg7 13. Nc2 O-O 14. Nce3
Be6 15. g3 f5 16. Bg2 Rc8 17. Qh5 b4 18. cxb4 Rb8 19. a3 Nd4 20. O-O Qd7 21.
Rac1 Qf7 22. Qxf7+ Rxf7 23. Nc7 Ne2+ 24. Kh1 Nxc1 25. Nxe6 Nd3 26. Ng5 Rff8 27.
Bd5+ Kh8 28. Nf7+ Rxf7 29. Bxf7 e4 30. Bd5 Rf8 31. b3 Bb2 32. Nc4 Bd4 33. Kg2
Rf6 34. Bb7 Ba7 35. Ne3 d5 36. Nxd5 Rd6 37. Ne3 Rb6 38. Ba8 Rb5 39. Nc4 Rb8 40.
Bc6 Kg7 41. Rd1 Rd8 42. Rd2 Rf8 43. Kf1 Rf6 44. Bb7 Kf8 45. f3 Ke7 46. Rc2 Bd4
47. Ke2 Ne5 48. Nxe5 Bxe5 49. fxe4 Rb6 50. Ba8 fxe4 51. Bxe4 h6 52. Rc5 Bd4 53.
Ra5 Kd7 54. Bd3 Re6+ 55. Kf1 Kc7 56. g4 Rf6+ 57. Kg2 Kb7 58. h4 Rd6 59. g5 Bb2
60. Be4+ Kc7 61. g6 Re6 62. Kf3 1-0

[Event "3MCRV_F"]
[Site "?"]
[Date "2003.??.??"]
[Round "?"]
[White "Kuchta, Jiri"]
[Black "Pecka, Josef"]
[Result "0-1"]
[WhiteElo "2299"]
[BlackElo "2281"]
[PlyCount "124"]
[EventDate "2003.??.??"]
[EventType "corr"]

1. Nf3 d5 2. d4 Nf6 3. Bf4 e6 4. e3 Bd6 5. Ne5 O-O 6. Bd3 c5 7. dxc5 Bxc5 8.
Nc3 Nc6 9. Nb5 Nxe5 10. Bxe5 a6 11. Nc3 Nd7 12. Bd4 f5 13. Be2 Bd6 14. f4 g5
15. O-O b5 16. Qe1 Nb8 17. Qg3 Nc6 18. Bd3 h6 19. Ne2 Kh7 20. c3 Bd7 21. Rae1
Qe8 22. Qf3 Qg6 23. Kh1 h5 24. Qf2 Rg8 25. Rd1 Nxd4 26. exd4 gxf4 27. Rd2 Qh6
28. Nxf4 Rg4 29. Nh3 a5 30. Qe1 b4 31. Ng1 h4 32. Nf3 Rg3 33. Qd1 Kh8 34. Qe2
Rg7 35. Rg1 Rag8 36. cxb4 axb4 37. Rc2 h3 38. gxh3 Bf4 39. Rxg7 Rxg7 40. Qe1
Qxh3 41. Rf2 Bg3 42. Qf1 Qxf1+ 43. Rxf1 Bd6 44. Re1 Rg8 45. Bb1 Kh7 46. Bc2 Ra8
47. Bb3 Kg6 48. Kg2 Kf6 49. h4 Rg8+ 50. Ng5 Rh8 51. Nf3 Bb5 52. Bc2 Rc8 53. Bb3
Bd3 54. Kf2 Be4 55. Rg1 Rh8 56. Rh1 Bb8 57. a3 Ba7 58. Rh3 bxa3 59. bxa3 Rb8
60. Nd2 Bxd4+ 61. Kf1 Rg8 62. Nf3 f4 0-1

[Event "3MCRV_F"]
[Site "?"]
[Date "2003.??.??"]
[Round "?"]
[White "Svoboda, Frantisek"]
[Black "Kuchta, Jiri"]
[Result "1-0"]
[WhiteElo "2398"]
[BlackElo "2299"]
[PlyCount "85"]
[EventDate "2003.??.??"]
[EventType "corr"]

1. c4 c5 2. Nf3 Nf6 3. Nc3 Nc6 4. d4 cxd4 5. Nxd4 e6 6. g3 Qb6 7. Ndb5 d5 8.
Bg2 d4 9. Na4 Qa5+ 10. Bd2 Qd8 11. e3 e5 12. exd4 a6 13. Nbc3 Nxd4 14. O-O Be7
15. Nd5 Nxd5 16. cxd5 Bf5 17. Rc1 Rc8 18. Bc3 O-O 19. Bxd4 Rxc1 20. Qxc1 exd4
21. Qf4 Bd3 22. Re1 Bf6 23. Nc5 Bg6 24. Bf3 h6 25. Nxb7 Qb6 26. d6 Qb4 27. Qc1
d3 28. Rd1 Bxb2 29. Qc6 Bd4 30. d7 Bb6 31. Qd5 Qb2 32. Rf1 Bd8 33. Nxd8 Rxd8
34. Re1 Qb8 35. h4 d2 36. Re7 Qb1+ 37. Kg2 Qe1 38. Re3 Kh7 39. h5 Bc2 40. Qxf7
d1=Q 41. Bxd1 Qxd1 42. Re7 Be4+ 43. f3 1-0

[Event "3MCRV_F"]
[Site "?"]
[Date "2003.??.??"]
[Round "?"]
[White "Svoboda, Frantisek"]
[Black "Kuchtova, Ruzena"]
[Result "1-0"]
[WhiteElo "2398"]
[BlackElo "2214"]
[PlyCount "87"]
[EventDate "2003.??.??"]
[EventType "corr"]

1. c4 e6 2. Nf3 d5 3. g3 Nf6 4. Bg2 Be7 5. O-O O-O 6. b3 d4 7. e3 Nc6 8. exd4
Nxd4 9. Bb2 Bc5 10. h3 c6 11. Re1 Re8 12. d3 e5 13. Nbd2 Qd6 14. g4 h6 15. a3
a5 16. Nxd4 Bxd4 17. Bxd4 exd4 18. Rxe8+ Nxe8 19. Ne4 Qe7 20. Qf3 Nd6 21. Qf4
Nxe4 22. Bxe4 Be6 23. Qe5 Qd7 24. Qc5 Qd8 25. Bg2 Rc8 26. b4 b6 27. Qe5 c5 28.
bxa5 bxa5 29. Rb1 a4 30. Rb5 Qc7 31. Qxc7 Rxc7 32. Bd5 Bc8 33. Rb8 Kh7 34. Kg2
f5 35. Kf3 Kg6 36. Kf4 fxg4 37. Rb6+ Kh7 38. Be4+ Kg8 39. hxg4 Kf8 40. f3 Ke7
41. Ke5 Kd7 42. Rb8 Ke7 43. Bd5 g5 44. Rb5 1-0

[Event "3MCRV_F"]
[Site "?"]
[Date "2003.??.??"]
[Round "?"]
[White "Hladecek, Miloslav"]
[Black "Skalicky, Frantisek"]
[Result "1/2-1/2"]
[WhiteElo "2275"]
[BlackElo "2306"]
[PlyCount "103"]
[EventDate "2003.??.??"]
[EventType "corr"]

1. e4 e5 2. Nf3 Nc6 3. Bc4 Nf6 4. Ng5 d5 5. exd5 Na5 6. Bb5+ c6 7. dxc6 bxc6 8.
Be2 h6 9. Nf3 e4 10. Ne5 Bd6 11. d4 exd3 12. Nxd3 Qc7 13. b3 O-O 14. Bb2 Nd5
15. h3 Bf5 16. O-O Rad8 17. Re1 c5 18. Na3 c4 19. bxc4 Nxc4 20. Nxc4 Qxc4 21.
Bf1 Qc7 22. Qf3 Be6 23. Ne5 Bb4 24. Red1 Qxc2 25. Nd3 Be7 26. Rac1 Qa4 27. Nc5
Qf4 28. Qxf4 Nxf4 29. Nxe6 Nxe6 30. Bc4 Bg5 31. Rb1 Rc8 32. Bb3 Nc5 33. Bd5
Rfe8 34. Ba1 Bd8 35. Rbc1 Bb6 36. Kf1 Rcd8 37. f3 Ne6 38. Bc6 Rf8 39. Be4 Rfe8
40. Bc3 Be3 41. Rxd8 Rxd8 42. Rc2 Rc8 43. Be5 Rxc2 44. Bxc2 Kf8 45. Bb3 Bd4 46.
Bd6+ Ke8 47. Ke2 Kd7 48. Bb8 Bb6 49. Bd5 Ke7 50. Kd3 h5 51. Kc4 Nc7 52. g4
1/2-1/2

[Event "3MCRV_F"]
[Site "?"]
[Date "2003.??.??"]
[Round "?"]
[White "Brousek, Jiri"]
[Black "Bures, Jilji"]
[Result "1/2-1/2"]
[WhiteElo "2361"]
[BlackElo "2295"]
[PlyCount "144"]
[EventDate "2003.??.??"]
[EventType "corr"]

1. d4 d5 2. Nf3 Nf6 3. e3 e6 4. Bd3 c5 5. b3 Nc6 6. O-O Bd6 7. Bb2 O-O 8. dxc5
Bxc5 9. a3 a6 10. Nbd2 b5 11. Qe2 Bb7 12. c4 dxc4 13. bxc4 b4 14. Ng5 e5 15.
Nde4 Nxe4 16. Nxe4 Be7 17. Rfd1 Qc7 18. c5 bxa3 19. Bxa3 a5 20. Nd6 Nb4 21.
Bxb4 axb4 22. Rac1 Bxd6 23. cxd6 Qa5 24. Qh5 g6 25. Qg5 b3 26. Qe7 Rab8 27. d7
b2 28. Rb1 Qc3 29. h4 Bc6 30. h5 Bxd7 31. h6 e4 32. Be2 Be6 33. Rd4 Qc1+ 34.
Kh2 Rfe8 35. Qf6 Qc7+ 36. g3 Kf8 37. Ra4 Qc5 38. Rxb2 Rxb2 39. Qg7+ Ke7 40.
Qxb2 Rc8 41. Rxe4 Qc3 42. Qb7+ Qc7 43. Qa6 Qc6 44. Qa3+ Qc5 45. Rb4 Bd5 46. Bd3
f5 47. Bf1 Rc7 48. Qb2 Qc3 49. Qxc3 Rxc3 50. Bg2 Be6 51. Rb7+ Bd7 52. Bf3 Rc2
53. Kg2 Kd6 54. Ra7 Rc5 55. Ba8 Rc4 56. Kf3 Rc2 57. Bd5 g5 58. g4 Bb5 59. Bg8
Bc6+ 60. Kg3 f4+ 61. exf4 Rc3+ 62. Kh2 gxf4 63. Ra6 Ke7 64. g5 Bf3 65. Re6+ Kd8
66. Rf6 Rc5 67. Rxf4 Rxg5 68. Bxh7 Rh5+ 69. Kg3 Rxh6 70. Be4 Be2 71. Rf7 Ke8
72. Ra7 Kf8 1/2-1/2

[Event "3MCRV_F"]
[Site "?"]
[Date "2003.??.??"]
[Round "?"]
[White "Kostal, Jindrich"]
[Black "Skalicky, Frantisek"]
[Result "0-1"]
[WhiteElo "2364"]
[BlackElo "2306"]
[PlyCount "112"]
[EventDate "2003.??.??"]
[EventType "corr"]

1. e4 e5 2. Nf3 Nc6 3. Bb5 a6 4. Ba4 Nf6 5. O-O Be7 6. Re1 b5 7. Bb3 d6 8. c3
O-O 9. h3 Na5 10. Bc2 c5 11. d4 Qc7 12. Nbd2 cxd4 13. cxd4 Nc6 14. Nb3 a5 15.
Be3 a4 16. Nbd2 Be6 17. Bd3 Nxd4 18. Bxd4 exd4 19. Bxb5 a3 20. bxa3 d5 21. e5
Ne4 22. Nxe4 dxe4 23. Rxe4 Bxa3 24. Nxd4 Bd5 25. Re2 Rfd8 26. Qd3 Qa5 27. Rb1
Rab8 28. Qg3 g6 29. Rd1 Bc5 30. Nf5 Rxb5 31. Qg5 Bf8 32. Red2 Rdb8 33. Kh2 Bxa2
34. Ne7+ Bxe7 35. Qxe7 Bd5 36. f4 R5b7 37. Qg5 Rd7 38. Qg3 Rbd8 39. f5 Bc6 40.
Rxd7 Rxd7 41. Rb1 Qd5 42. Rb2 Re7 43. Re2 f6 44. e6 Kg7 45. Rc2 Qe4 46. Rf2 Qe1
47. Qf4 gxf5 48. Qg3+ Kh8 49. Qd3 Qxe6 50. Rxf5 Rg7 51. Rf2 Qe5+ 52. Kg1 Qe1+
53. Qf1 Qe3 54. Kh2 Bb5 55. Qg1 Qg3+ 56. Kh1 Bc6 0-1

[Event "3MCRV_F"]
[Site "?"]
[Date "2003.??.??"]
[Round "?"]
[White "Svoboda, Frantisek"]
[Black "Kuta, Jiri"]
[Result "1-0"]
[WhiteElo "2398"]
[BlackElo "2326"]
[PlyCount "105"]
[EventDate "2003.??.??"]
[EventType "corr"]

1. c4 Nf6 2. d4 e6 3. Nf3 b6 4. a3 Bb7 5. Nc3 d5 6. cxd5 Nxd5 7. Qc2 Nxc3 8.
Qxc3 h6 9. e3 Nd7 10. Bb5 Bd6 11. Bc6 Bxc6 12. Qxc6 O-O 13. O-O Qe8 14. Bd2 Nf6
15. Rfc1 Qxc6 16. Rxc6 a5 17. Rac1 Rfd8 18. Kf1 Kf8 19. Ke2 Nd5 20. e4 Ne7 21.
R6c2 c6 22. h4 f6 23. g4 Kf7 24. h5 Bb8 25. Be3 b5 26. e5 Rd5 27. exf6 Kxf6 28.
Rg1 Bd6 29. g5+ Kf7 30. gxh6 gxh6 31. Bxh6 Rxh5 32. Bg5 Rc8 33. Rgc1 Rg8 34.
Bxe7 Kxe7 35. Rxc6 Rg4 36. R1c3 b4 37. axb4 axb4 38. Re3 Ra5 39. Nd2 Rd5 40.
Nb3 Rh5 41. Kd3 Rf4 42. f3 Rh2 43. Rc2 Rh3 44. Nd2 Kd7 45. Rc1 Rf5 46. Ra1 Bf4
47. Ra7+ Kd8 48. Rxe6 Bxd2 49. Kxd2 Rfxf3 50. Rg6 Rd3+ 51. Kc1 Rdg3 52. Rxg3
Rxg3 53. Rb7 1-0

[Event "3MCRV_F"]
[Site "?"]
[Date "2003.??.??"]
[Round "?"]
[White "Kuchta, Jiri"]
[Black "Bures, Jilji"]
[Result "1/2-1/2"]
[WhiteElo "2299"]
[BlackElo "2295"]
[PlyCount "120"]
[EventDate "2003.??.??"]
[EventType "corr"]

1. Nf3 d5 2. d4 Nf6 3. c4 e6 4. Nc3 c6 5. e3 Nbd7 6. Bd3 dxc4 7. Bxc4 b5 8. Bd3
a6 9. O-O c5 10. Qe2 Bb7 11. a3 Bd6 12. Re1 O-O 13. dxc5 Nxc5 14. e4 Nxd3 15.
Qxd3 Be7 16. Qe2 Qc7 17. Bg5 h6 18. Bh4 Rfd8 19. Rec1 Rac8 20. Qe1 Qb8 21. Rd1
Qf4 22. Rxd8+ Bxd8 23. Bg3 Qg4 24. h3 Qh5 25. Rd1 Bb6 26. Be5 Qg6 27. Nh4 Qh7
28. Bxf6 gxf6 29. Rd7 Bc6 30. Rd3 Qg7 31. Ne2 Kh7 32. Rc3 Qf8 33. Qc1 Bb7 34.
Rxc8 Qxc8 35. Qxc8 Bxc8 36. Nf3 Bb7 37. Nc3 Kg6 38. Kf1 h5 39. b4 f5 40. Ne5+
Kg7 41. Nd7 Bd4 42. Ne2 Bb2 43. exf5 Bxa3 44. Nc5 Bc8 45. fxe6 fxe6 46. Nd3 e5
47. f3 Bf5 48. Nxe5 Bxb4 49. g4 Bd6 50. Nc6 Be6 51. Ned4 Bd5 52. Nf5+ Kf6 53.
Nxd6 Bxc6 54. gxh5 b4 55. Ke1 Bd5 56. Ne8+ Kg5 57. f4+ Kh6 58. Kd2 a5 59. Kc1
a4 60. Nf6 Bg2 1/2-1/2

[Event "3MCRV_F"]
[Site "?"]
[Date "2003.??.??"]
[Round "?"]
[White "Kostal, Jindrich"]
[Black "Kuchtova, Ruzena"]
[Result "1-0"]
[WhiteElo "2364"]
[BlackElo "2214"]
[PlyCount "95"]
[EventDate "2003.??.??"]
[EventType "corr"]

1. e4 c5 2. Nf3 Nc6 3. d4 cxd4 4. Nxd4 Nf6 5. Nc3 e5 6. Ndb5 d6 7. Bg5 a6 8.
Na3 b5 9. Nd5 Qa5+ 10. Bd2 Qd8 11. Bg5 Qa5+ 12. Bd2 Qd8 13. Bd3 Be6 14. c4 bxc4
15. Nxc4 Nxd5 16. exd5 Bxd5 17. Qa4 Rc8 18. Rc1 Bxg2 19. Rg1 Bf3 20. Ba5 Qf6
21. Nd2 Be7 22. Nxf3 O-O 23. Qe4 g6 24. Rxc6 d5 25. Rxf6 dxe4 26. Rxa6 exd3 27.
Bc3 e4 28. Nd4 f5 29. Kd2 Bc5 30. Ke3 Rfd8 31. Ra4 Re8 32. f3 Re5 33. Rc4 Rce8
34. f4 Rd5 35. a4 Ba7 36. h4 Kf7 37. h5 Rc5 38. Rxc5 Bxc5 39. hxg6+ hxg6 40.
Rh1 g5 41. fxg5 Kg6 42. b4 Ba7 43. b5 Rc8 44. Kd2 Bxd4 45. Bxd4 f4 46. Rh6+
Kxg5 47. Rc6 Re8 48. b6 1-0

[Event "3MCRV_F"]
[Site "?"]
[Date "2003.??.??"]
[Round "?"]
[White "Kostal, Jindrich"]
[Black "Kuchta, Jiri"]
[Result "1-0"]
[WhiteElo "2364"]
[BlackElo "2299"]
[PlyCount "89"]
[EventDate "2003.??.??"]
[EventType "corr"]

1. e4 c5 2. Nf3 Nc6 3. d4 cxd4 4. Nxd4 Nf6 5. Nc3 e5 6. Ndb5 d6 7. Bg5 a6 8.
Na3 b5 9. Nd5 Qa5+ 10. Bd2 Qd8 11. Bg5 Qa5+ 12. Bd2 Qd8 13. Bd3 Be6 14. c4 bxc4
15. Nxc4 Nxd5 16. exd5 Bxd5 17. Qa4 Rc8 18. Rc1 Bxg2 19. Rg1 Bf3 20. Ba5 Qf6
21. Nd2 Be7 22. Nxf3 O-O 23. Qe4 g6 24. Rxc6 d5 25. Rxf6 dxe4 26. Rxa6 exd3 27.
Bc3 e4 28. Nd4 f5 29. Kd2 Bc5 30. Ke3 Rfe8 31. Ra4 Kf7 32. a3 Rcd8 33. Rc4 Rd5
34. a4 h6 35. b4 Bd6 36. h4 g5 37. hxg5 hxg5 38. Kd2 g4 39. b5 Bh2 40. Rf1 Bf4+
41. Kd1 Red8 42. Rh1 g3 43. fxg3 Bxg3 44. Bd2 Rxd4 45. Rxd4 1-0

[Event "3MCRV_F"]
[Site "?"]
[Date "2003.??.??"]
[Round "?"]
[White "Kuta, Jiri"]
[Black "Bures, Jilji"]
[Result "1-0"]
[WhiteElo "2326"]
[BlackElo "2295"]
[PlyCount "103"]
[EventDate "2003.??.??"]
[EventType "corr"]

1. d4 d5 2. c4 e6 3. Nc3 Nf6 4. cxd5 exd5 5. Bg5 c6 6. e3 Nbd7 7. Nf3 Qa5 8.
Nd2 Bb4 9. Qc2 O-O 10. Bd3 Re8 11. O-O Bd6 12. Nf3 h6 13. Bh4 Nh5 14. e4 dxe4
15. Nxe4 Bf4 16. Rae1 Nf8 17. Nc5 Rxe1 18. Rxe1 Bg4 19. Re7 Qxa2 20. Bc4 Qa1+
21. Re1 Qa5 22. Nxb7 Qf5 23. Qxf5 Bxf5 24. Nd8 Be6 25. Nxe6 Nxe6 26. Bxe6 fxe6
27. g4 Nf6 28. Bxf6 gxf6 29. Rxe6 Kf7 30. Rxc6 Rg8 31. h3 h5 32. Ra6 Bb8 33.
Kf1 hxg4 34. hxg4 Rxg4 35. Ke2 Re4+ 36. Kd3 Rf4 37. Ke3 Rf5 38. Ne1 Rb5 39. Nd3
Rb3 40. Kd2 Ke7 41. Kc2 Rb6 42. Ra5 Rc6+ 43. Nc5 f5 44. Kc3 Rh6 45. Kc4 Rh2 46.
Nd3 Kf6 47. b4 Rh4 48. Ra6+ Ke7 49. b5 Rh1 50. Nb4 Kd7 51. Rf6 Rc1+ 52. Kd5 1-0

[Event "3MCRV_F"]
[Site "?"]
[Date "2003.??.??"]
[Round "?"]
[White "Kuchtova, Ruzena"]
[Black "Juhasz, Jozef"]
[Result "1/2-1/2"]
[WhiteElo "2214"]
[BlackElo "2188"]
[PlyCount "120"]
[EventDate "2003.??.??"]
[EventType "corr"]

1. c4 Nf6 2. d4 e6 3. Nc3 Bb4 4. e3 O-O 5. Bd3 d5 6. Nf3 c5 7. cxd5 exd5 8.
dxc5 Bxc5 9. O-O Nc6 10. Qb3 Rb8 11. Rd1 Be6 12. Qa4 Rc8 13. a3 Bb6 14. h3 Na5
15. Rb1 Nc4 16. Qb4 Qe8 17. Ra1 a5 18. Qb3 Qc6 19. Qa4 Qc5 20. Qc2 Qe7 21. b3
Nd6 22. Qb2 Nfe4 23. Ne2 Rfe8 24. Qb1 Bd7 25. Nf4 Bc6 26. Qb2 Nf5 27. b4 axb4
28. axb4 Nxf2 29. Qxf2 Nxe3 30. Re1 Qf6 31. Bxe3 Rxe3 32. Rxe3 Qxa1+ 33. Kh2
Qf6 34. g3 Bxe3 35. Qxe3 Qb2+ 36. Qe2 Qxe2+ 37. Bxe2 Ra8 38. Nd4 g5 39. Nd3 Kf8
40. h4 h6 41. Kh3 Re8 42. Bf3 Re3 43. Nc5 Rc3 44. Be2 Kg7 45. Kg4 Kf6 46. hxg5+
hxg5 47. Nxc6 bxc6 48. Bd3 Ke5 49. Nd7+ Kd4 50. Bf5 Kc4 51. Ne5+ Kxb4 52. Nxf7
d4 53. Nxg5 d3 54. Ne4 Rc1 55. Kf3 Rf1+ 56. Nf2 d2 57. Bc2 Kc3 58. Bd1 c5 59.
Ke3 Re1+ 60. Be2 Kc2 1/2-1/2

[Event "3MCRV_F"]
[Site "?"]
[Date "2003.??.??"]
[Round "?"]
[White "Lounek, Jan"]
[Black "Kostal, Jindrich"]
[Result "1-0"]
[WhiteElo "2337"]
[BlackElo "2364"]
[PlyCount "141"]
[EventDate "2003.??.??"]
[EventType "corr"]

1. e4 e5 2. Nf3 Nc6 3. Bb5 a6 4. Ba4 Nf6 5. O-O Be7 6. Re1 b5 7. Bb3 d6 8. c3
O-O 9. h3 Nb8 10. d4 Nbd7 11. Nbd2 Bb7 12. Bc2 c5 13. Nf1 Re8 14. Ng3 g6 15.
Bg5 Qc7 16. d5 Bf8 17. Qd2 Reb8 18. b3 a5 19. a4 b4 20. cxb4 cxb4 21. Rac1 Bg7
22. Bd3 Nc5 23. Be3 Nfd7 24. Qd1 Qd8 25. Be2 Qf8 26. Bb5 h6 27. Nd2 Ba6 28. Bc6
Ra7 29. Nc4 Bxc4 30. Rxc4 Nb6 31. Bxc5 dxc5 32. Rc2 Qd6 33. Nf1 Rc7 34. Ne3 Bf6
35. Qe2 Bg5 36. Qb5 Bxe3 37. Rxe3 Rxc6 38. Qxc6 Qxc6 39. dxc6 c4 40. bxc4 Rc8
41. c5 Nxa4 42. Ra2 Nxc5 43. Rxa5 Rxc6 44. Rb5 Na6 45. Rxe5 Kg7 46. Re7 Nc5 47.
Rf3 Rf6 48. Rxf6 Kxf6 49. Rc7 Nxe4 50. Rc4 Nc3 51. Rxb4 Nd5 52. Rc4 Kf5 53. g3
g5 54. Kf1 Ke5 55. Ke2 f6 56. Kd3 Ne7 57. Re4+ Kd6 58. Ra4 Ke5 59. Ra5+ Ke6 60.
Ke4 Nc8 61. Ra6+ Kf7 62. f4 gxf4 63. Kxf4 Kg6 64. h4 Ne7 65. h5+ Kxh5 66. Re6
Nd5+ 67. Kf5 Ne3+ 68. Kxf6 Ng4+ 69. Kf5 Ne3+ 70. Kf4 Nd5+ 71. Ke4 1-0

[Event "3MCRV_F"]
[Site "?"]
[Date "2003.??.??"]
[Round "?"]
[White "Lounek, Jan"]
[Black "Svoboda, Frantisek"]
[Result "1/2-1/2"]
[WhiteElo "2337"]
[BlackElo "2398"]
[PlyCount "155"]
[EventDate "2003.??.??"]
[EventType "corr"]

1. e4 e6 2. d4 d5 3. Nd2 Nf6 4. e5 Nfd7 5. c3 c5 6. Bd3 Nc6 7. Ne2 cxd4 8. cxd4
f6 9. exf6 Nxf6 10. Nf3 Bd6 11. O-O Qc7 12. Bg5 O-O 13. Bh4 e5 14. dxe5 Nxe5
15. Nxe5 Bxe5 16. Bg3 Bxg3 17. Nxg3 Qb6 18. Qd2 Bd7 19. Rae1 Rae8 20. Rxe8 Rxe8
21. h3 a6 22. Rc1 Re5 23. b4 Qd6 24. a3 Re8 25. Qg5 Re5 26. Qh4 Re8 27. Qd4 b5
28. Rd1 Qe5 29. Qxe5 Rxe5 30. f3 Kf7 31. Kf2 Re7 32. Rc1 g6 33. Ne2 Ke6 34. Rc7
Kd6 35. Ra7 Bc8 36. Rxe7 Kxe7 37. Ke3 Nd7 38. f4 Nb6 39. Kd4 Kd6 40. Nc3 Be6
41. g4 Nc8 42. Ne2 Bd7 43. Nc1 Ne7 44. Nb3 Nc6+ 45. Ke3 Nd8 46. Nd4 Nf7 47. Nf3
Bc8 48. Bc2 Bd7 49. Bb3 Bc6 50. Kd4 Nd8 51. Bc2 Be8 52. Ke3 Nc6 53. Nd4 Ne7 54.
f5 g5 55. Ne6 h6 56. Nc5 Ke5 57. Nxa6 d4+ 58. Kd2 Nd5 59. Nc5 Nc3 60. Nd3+ Kf6
61. Nc1 Ke5 62. Ne2 Ne4+ 63. Bxe4 Kxe4 64. Nc1 Bc6 65. Nd3 Kd5 66. Ke2 Ke4 67.
Nc5+ Ke5 68. Kf2 Kd5 69. Ne6 Ke5 70. Nc7 Kf6 71. Ke2 Ke5 72. Kf2 Kf6 73. Na6
Ke5 74. Nb8 Bd5 75. Nd7+ Kd6 76. Nc5 Bc6 77. Kg3 Kd5 78. Kf2 1/2-1/2

[Event "3MCRV_F"]
[Site "?"]
[Date "2003.??.??"]
[Round "?"]
[White "Pytlik, Lesek"]
[Black "Hladecek, Miloslav"]
[Result "0-1"]
[WhiteElo "2316"]
[BlackElo "2275"]
[PlyCount "120"]
[EventDate "2003.??.??"]
[EventType "corr"]

1. e4 e5 2. Nf3 Nc6 3. Bb5 a6 4. Ba4 Nf6 5. O-O Be7 6. Re1 b5 7. Bb3 O-O 8. c3
d6 9. h3 Na5 10. Bc2 c5 11. d4 Qc7 12. Nbd2 Rb8 13. Nf1 Nc4 14. Bd3 Nb6 15. Ng3
Re8 16. Nh4 Bf8 17. Nhf5 d5 18. dxc5 Bxc5 19. Qf3 Bxf5 20. Qxf5 Re6 21. Qf3 Rd8
22. a3 h6 23. Rd1 dxe4 24. Nxe4 Nxe4 25. Qxe4 Kf8 26. Rf1 Nd5 27. Bc2 Nf6 28.
Qh4 Qe7 29. Bb3 Red6 30. a4 b4 31. Re1 bxc3 32. bxc3 e4 33. Rb1 Rb6 34. Bf4 Kg8
35. Kh1 Qb7 36. Bc2 Rxb1 37. Rxb1 Qe7 38. Qg3 g5 39. Bxg5 hxg5 40. Qxg5+ Kf8
41. Qh6+ Ke8 42. a5 Qe5 43. Ba4+ Nd7 44. Qxa6 Ke7 45. Qe2 e3 46. Bxd7 Rxd7 47.
fxe3 Bd6 48. Kg1 Qh2+ 49. Kf2 Bg3+ 50. Kf3 Bh4 51. Rb5 Kf8 52. Rg5 Bxg5 53. Qb5
Rd6 54. Qxg5 Rg6 55. Qd8+ Kg7 56. Qd4+ f6 57. g4 Qxh3+ 58. Ke2 Rxg4 59. Qd7+
Kh6 60. Qc6 Rg6 0-1

[Event "3MCRV_F"]
[Site "?"]
[Date "2003.??.??"]
[Round "?"]
[White "Kuta, Jiri"]
[Black "Pytlik, Lesek"]
[Result "1/2-1/2"]
[WhiteElo "2326"]
[BlackElo "2316"]
[PlyCount "120"]
[EventDate "2003.??.??"]
[EventType "corr"]

1. d4 Nf6 2. c4 c5 3. d5 b5 4. Nf3 Bb7 5. Nbd2 bxc4 6. e4 e6 7. dxe6 dxe6 8. e5
Nd5 9. Bxc4 Be7 10. O-O O-O 11. Qe2 Nc6 12. Nb3 a5 13. a4 Nb6 14. Rd1 Qc7 15.
Bb5 Nb4 16. Be3 Bxf3 17. Qxf3 Qxe5 18. Rac1 Rfc8 19. Qg3 Qh5 20. Re1 Qd5 21.
Nd2 Bf6 22. b3 Qf5 23. Bf4 N6d5 24. Be5 Qg5 25. Bxf6 Qxg3 26. hxg3 Nxf6 27. Re5
Nfd5 28. Ree1 Ra7 29. Ne4 Rac7 30. Nd6 Rb8 31. Ne4 Kf8 32. Rxc5 Rxc5 33. Nxc5
Ke7 34. Bc4 h6 35. Kf1 Nf6 36. Bb5 Rc8 37. Nb7 Ra8 38. Rc1 Nfd5 39. Bc4 Ra7 40.
Nc5 Rc7 41. Ne4 Nd3 42. Rb1 Ne5 43. Nd2 Nb6 44. Be2 Rc2 45. Nf3 Nc6 46. Bd3 Rc5
47. Rd1 Nb4 48. Bb5 N6d5 49. Bc4 Rc7 50. Re1 Nf6 51. Ke2 Ne4 52. Rc1 h5 53. Nd2
Nd6 54. Rc3 e5 55. Nb1 Nf5 56. Ke1 Nd4 57. Be2 Rxc3 58. Nxc3 g6 59. Bc4 f5 60.
Kd2 g5 1/2-1/2

[Event "3MCRV_F"]
[Site "?"]
[Date "2003.??.??"]
[Round "?"]
[White "Lounek, Jan"]
[Black "Hladecek, Miloslav"]
[Result "1-0"]
[WhiteElo "2337"]
[BlackElo "2275"]
[PlyCount "149"]
[EventDate "2003.??.??"]
[EventType "corr"]

1. d4 Nf6 2. c4 e6 3. Nf3 d5 4. Nc3 Nbd7 5. cxd5 exd5 6. Bf4 c6 7. e3 Nh5 8.
Bg5 Ndf6 9. Ne5 Qb6 10. a3 h6 11. Bh4 g5 12. Be2 gxh4 13. Bxh5 Be6 14. Na4 Qc7
15. f4 Rh7 16. Qc2 Qc8 17. Bf3 Bf5 18. Qb3 Rg7 19. Nc3 Be7 20. Rc1 Qb8 21. g4
hxg3 22. hxg3 Rxg3 23. Rxh6 Be6 24. Rh8+ Rg8 25. Rxg8+ Nxg8 26. Kd2 Bd6 27. Rh1
Qc7 28. Qa4 Ke7 29. Kc1 Nf6 30. Rh6 Rg8 31. Qxa7 Rg1+ 32. Kd2 Rg3 33. Rh8 Rh3
34. Rxh3 Bxh3 35. b4 Bd7 36. Na4 Bf5 37. Nc5 Bxc5 38. dxc5 Be4 39. Qa8 Nd7 40.
Nxd7 Qxd7 41. Be2 Bg6 42. a4 f6 43. b5 cxb5 44. Bxb5 Qc7 45. Qa7 d4 46. c6 Be4
47. Qxd4 Bxc6 48. Qc5+ Kf7 49. Bxc6 bxc6 50. a5 Qb7 51. Qb6 Qd7+ 52. Kc3 Kg6
53. a6 Qd1 54. Qb2 Qe1+ 55. Kd4 Qd1+ 56. Kc5 Qd5+ 57. Kb6 Qd8+ 58. Ka7 Qe7+ 59.
Ka8 Qxe3 60. Qb1+ Kh6 61. a7 Qe8+ 62. Qb8 Qe7 63. Qc8 Kg6 64. Qg4+ Kh6 65. Qh3+
Kg6 66. Qd3+ Kh6 67. Kb8 Qf8+ 68. Kc7 Qe7+ 69. Qd7 Qa3 70. Kd8 Kh5 71. Ke8 Qa6
72. Kf7 Kh4 73. Qc7 Kg4 74. Qb8 Qc4+ 75. Kg6 1-0

[Event "3MCRV_F"]
[Site "?"]
[Date "2003.??.??"]
[Round "?"]
[White "Nevole, Milan"]
[Black "Pecka, Josef"]
[Result "1-0"]
[WhiteElo "2238"]
[BlackElo "2281"]
[PlyCount "123"]
[EventDate "2003.??.??"]
[EventType "corr"]

1. d4 Nf6 2. c4 e6 3. Nf3 Bb4+ 4. Bd2 Be7 5. Nc3 d5 6. Qc2 O-O 7. Bg5 h6 8. Bh4
b6 9. cxd5 Nxd5 10. Bxe7 Qxe7 11. e3 Nxc3 12. bxc3 Bb7 13. Be2 Nd7 14. O-O c5
15. h3 Rac8 16. Qb2 e5 17. a4 Bd5 18. a5 cxd4 19. cxd4 e4 20. Nd2 Rc7 21. Rfc1
Rfc8 22. Rxc7 Rxc7 23. Nb1 Qe6 24. Nc3 Nf6 25. Nb5 Re7 26. Rc1 bxa5 27. Qa3 a4
28. Qxa4 Qb6 29. Qa3 Rb7 30. Ra1 Qc6 31. Nxa7 Qc2 32. Bb5 Be6 33. Qa5 Bd5 34.
Ba4 Qb2 35. Rd1 Qb6 36. Qxb6 Rxb6 37. Nc8 Rb7 38. Rc1 g6 39. Rc5 Kg7 40. Nd6
Rb6 41. Ne8+ Nxe8 42. Rxd5 Nd6 43. g4 Ra6 44. Bc2 f5 45. gxf5 gxf5 46. Kh2 Kf6
47. Kg3 Nc8 48. f3 Ne7 49. Rb5 Rc6 50. Ba4 exf3 51. Kxf3 Ra6 52. Bc2 Ra2 53.
Bb1 Ra6 54. h4 Rd6 55. Bd3 Rc6 56. Ra5 Rd6 57. Ra6 Rxa6 58. Bxa6 Nc6 59. Bc4
Ne7 60. Kg3 Nc8 61. Kf4 Nb6 62. Ba2 1-0

[Event "3MCRV_F"]
[Site "?"]
[Date "2003.??.??"]
[Round "?"]
[White "Kuchtova, Ruzena"]
[Black "Hladecek, Miloslav"]
[Result "0-1"]
[WhiteElo "2214"]
[BlackElo "2275"]
[PlyCount "130"]
[EventDate "2003.??.??"]
[EventType "corr"]

1. c4 e6 2. Nf3 Nf6 3. d4 d5 4. Nc3 Nbd7 5. e3 dxc4 6. Bxc4 a6 7. Bd3 b5 8. O-O
Bb7 9. Qe2 c5 10. Rd1 Qc7 11. Ne5 Rd8 12. f4 Be7 13. a3 h5 14. Bd2 h4 15. h3
Qb6 16. dxc5 Nxc5 17. Bc2 Ncd7 18. Nxd7 Rxd7 19. Be1 Bc5 20. Bf2 Rxd1+ 21. Bxd1
O-O 22. Bc2 Qc6 23. Bxh4 Bxe3+ 24. Kh1 Bd4 25. Bxf6 Bxf6 26. Be4 Qc7 27. Bxb7
Qxb7 28. Rd1 Qb8 29. Ne4 Qxf4 30. Rf1 Qe5 31. Nxf6+ gxf6 32. Qg4+ Kh7 33. Qh4+
Kg7 34. Rf3 Rd8 35. Rg3+ Kf8 36. Qb4+ Qd6 37. Qc3 Ke7 38. Rf3 Qd4 39. Qa5 f5
40. Rf1 Qxb2 41. Qxa6 Rd3 42. Qa7+ Kf8 43. Qc7 Kg7 44. Qf4 Kg6 45. a4 bxa4 46.
Qxa4 Qe2 47. Kg1 Qe3+ 48. Kh2 Qe4 49. Qa5 f4 50. Qa2 e5 51. Qf2 Qe3 52. Qc2
Qg3+ 53. Kh1 Kg7 54. Qe2 f6 55. Qa2 f3 56. Qf2 Qxf2 57. Rxf2 fxg2+ 58. Kxg2 Kg6
59. Re2 Rd5 60. Kf1 f5 61. Rg2+ Kh5 62. Rg8 Rd3 63. Rc8 e4 64. Kg2 Kg5 65. Rc5
Kf4 0-1